000
00294nam a2200133Ia 4500
008
140130s9999 xx 000 0 und d
245
_c
Elhert, Lois
_a
Growing vegetables soup
260
_b
Scholastic,
_c
1987
300
_a
30
440
_v
1
521
_a
BR
942
_c
BK
999
_c
39862
_d
39862